Southville International School and Colleges
Your cart is empty.
  • Cart
  • Lists
    Public lists Eva Luna New books Lux_list list_1
    Your lists Log in to create your own lists
  • Log in to your account
  • Your cookies
  • Search history
Southville International School and Colleges
  • Advanced search
  • Recent comments
  • Most popular
  • Libraries

Log in to your account

Log in with GOOGLE


If you do not have an external account, but do have a local account, you can still log in:

  1. Home
  2. MARC view: Pearson's administrative medical assisting /
Normal view MARC view ISBD view

Pearson's administrative medical assisting / (Record no. 13780)

[ view plain ]
MARC details
000 -LEADER
fixed length control field 00923nam a2200265 a 4500
003 - CONTROL NUMBER IDENTIFIER
control field OSt
005 - DATE AND TIME OF LATEST TRANSACTION
control field 20140310182459.0
008 - FIXED-LENGTH DATA ELEMENTS--GENERAL INFORMATION
fixed length control field 110615s19uu xx 00 eng d
010 ## - LIBRARY OF CONGRESS CONTROL NUMBER
LC control number 2005036391
020 ## - INTERNATIONAL STANDARD BOOK NUMBER
International Standard Book Number 9780132209045
050 ## - LIBRARY OF CONGRESS CALL NUMBER
Classification number R 728.8
Item number .B42 2007
100 ## - MAIN ENTRY--PERSONAL NAME
Personal name Beaman, Nina
9 (RLIN) 8545
245 ## - TITLE STATEMENT
Title Pearson's administrative medical assisting /
Statement of responsibility, etc Nina Beaman, Lorraine Fleming-McPhillips.
260 ## - PUBLICATION, DISTRIBUTION, ETC. (IMPRINT)
Place of publication, distribution, etc Upper Saddle River, N.J :
Name of publisher, distributor, etc Pearson/Prentice Hall,
Date of publication, distribution, etc c2007.
300 ## - PHYSICAL DESCRIPTION
Extent xviii. 337 p. :
Other physical details ill. ;
Dimensions 28 cm.
650 ## - SUBJECT ADDED ENTRY--TOPICAL TERM
Topical term or geographic name as entry element Medical assistants
9 (RLIN) 8546
650 ## - SUBJECT ADDED ENTRY--TOPICAL TERM
Topical term or geographic name as entry element Medical secretaries
9 (RLIN) 8547
650 ## - SUBJECT ADDED ENTRY--TOPICAL TERM
Topical term or geographic name as entry element Medical offices
General subdivision Management
9 (RLIN) 8548
650 ## - SUBJECT ADDED ENTRY--TOPICAL TERM
Topical term or geographic name as entry element Physician Assistants
9 (RLIN) 8549
650 ## - SUBJECT ADDED ENTRY--TOPICAL TERM
Topical term or geographic name as entry element Practice Management, Medical
9 (RLIN) 8550
700 ## - ADDED ENTRY--PERSONAL NAME
Personal name Fleming-McPhillips, Lorraine
9 (RLIN) 8551
942 ## - ADDED ENTRY ELEMENTS (KOHA)
Source of classification or shelving scheme Library of Congress Classification
Koha item type
Holdings
Withdrawn status Lost status Source of classification or shelving scheme Damaged status Home library Current library Shelving location Date acquired Total Checkouts Full call number Barcode Date last seen Copy number Price effective from Koha item type
    Library of Congress Classification   South SEED-LPDH College Library South SEED-LPDH College Library South SEED-LPDH College Section 08/06/2013   R 728.8 .B42 2007 SSLC0301 04/20/2017 1 08/06/2013 Books

Pearson's administrative medical assisting /

APA

Beaman N., Fleming-McPhillips L., . (2007). Pearson's administrative medical assisting. Upper Saddle River, N.J: Pearson/Prentice Hall.

Chicago

Beaman Nina, Fleming-McPhillips Lorraine, . 2007. Pearson's administrative medical assisting. Upper Saddle River, N.J: Pearson/Prentice Hall.

Harvard

Beaman N., Fleming-McPhillips L., . (2007). Pearson's administrative medical assisting. Upper Saddle River, N.J: Pearson/Prentice Hall.

MLA

Beaman Nina, Fleming-McPhillips Lorraine, . Pearson's administrative medical assisting. Upper Saddle River, N.J: Pearson/Prentice Hall. 2007.

  • Place hold
  • Print
  • Cite
  • Add to your cart (remove)
  • Save record
    BIBTEX Dublin Core MARCXML MARC (non-Unicode/MARC-8) MARC (Unicode/UTF-8) MARC (Unicode/UTF-8, Standard) MODS (XML) RIS
  • More searches
    Search for this title in:
    Other Libraries (WorldCat) Other Databases (Google Scholar) Online Stores (Bookfinder.com) Open Library (openlibrary.org)

Exporting to Dublin Core...

SOUTHVILLE LIBRARY

Southville International School and Colleges Library

1281 Tropical Ave. Cor. Luxembourg St., BF Homes International, Las Pinas City

Tel. No. 8256374 / 252358 Loc. 117/146

Powered by Koha